000 00494nam a2200181Ia 4500
008 240925s9999 xx 000 0 und d
020 _a70603227
082 _a005.30681 JOH
100 _aJones ,T. Capers
245 0 _aEstimating Software Coasts
250 _aNA
260 _aNew Delhi:
_bTata McGraw Hill
_c,1998.
300 _axv,492p.
_bNA
_fPhotocopy
500 _aIncludes Index
600 _aComputer Science
650 _aComputer science, information & general works
942 _cBK
999 _c8943
_d8943